UM Logo

Understanding mental health: (Record no. 10292)

MARC details
000 -LEADER
fixed length control field 00470nam a2200109 4500
008 - FIXED-LENGTH DATA ELEMENTS--GENERAL INFORMATION
fixed length control field 180811b ||||| |||| 00| 0 eng d
245 ## - TITLE STATEMENT
Title Understanding mental health:
Remainder of title In a world full of insensitive people, having a mental illness can really be a challenge. It seems as though you are fighting with yourself while battling other people's judgment.
260 ## - PUBLICATION, DISTRIBUTION, ETC. (IMPRINT)
Place of publication, distribution, etc. Philippines
Name of publisher, distributor, etc. The Philippine Star
Date of publication, distribution, etc. c2017
300 ## - PHYSICAL DESCRIPTION
Extent page 6.
650 #0 - SUBJECT ADDED ENTRY--TOPICAL TERM
9 (RLIN) 30367
Topical term or geographic name as entry element Health.
942 ## - ADDED ENTRY ELEMENTS (KOHA)
Source of classification or shelving scheme Dewey Decimal Classification
Koha item type Periodicals
Holdings
Withdrawn status Lost status Source of classification or shelving scheme Damaged status Not for loan Collection code Home library Current library Date acquired Total Checkouts Date last seen Price effective from Koha item type Public note
    Dewey Decimal Classification     Periodicals UM Digos College - LIC UM Digos College - LIC 08/11/2018   08/11/2018 08/11/2018 Periodicals Newspaper Clippings